VALUE ADDED SELLING (Record no. 25837)
[ view plain ]
| 000 -LEADER | |
|---|---|
| fixed length control field | 00347nam a2200145Ia 4500 |
| 008 - FIXED-LENGTH DATA ELEMENTS--GENERAL INFORMATION | |
| fixed length control field | 240624s9999 xx 000 0 und d |
| 041 ## - LANGUAGE CODE | |
| Language code of text/sound track or separate title | eng |
| 082 ## - DEWEY DECIMAL CLASSIFICATION NUMBER | |
| Classification number | 658.85 REI |
| 100 ## - MAIN ENTRY--PERSONAL NAME | |
| Personal name | REILLY TOM |
| 245 ## - TITLE STATEMENT | |
| Title | VALUE ADDED SELLING |
| 250 ## - EDITION STATEMENT | |
| Edition statement | (3rd ed.) |
| 260 ## - PUBLICATION, DISTRIBUTION, ETC. | |
| Place of publication, distribution, etc. | New Delhi |
| Name of publisher, distributor, etc. | Tata McGraw-Hill |
| 300 ## - PHYSICAL DESCRIPTION | |
| Extent | 277 : p. : cm. ; 24 |
| 365 ## - TRADE PRICE | |
| Currency code | RS |
| Price amount | 33 |
| Withdrawn status | Lost status | Damaged status | Not for loan | Home library | Current library | Shelving location | Date acquired | Source of acquisition | Cost, normal purchase price | Full call number | Barcode | Date last seen | Copy number | Price effective from | Koha item type |
|---|---|---|---|---|---|---|---|---|---|---|---|---|---|---|---|
| IMTN | IMTN | Rack 36-B | 11/30/2015 | VBC | 465.00 | 658.85 REI | 25837 | 06/24/2024 | 1 | 06/24/2024 | Books |